[Event "Dyfed Open"]
[Site "Fishguard"]
[Date "2020.02.15"]
[Round "2.8"]
[White "Pleasants, Allan J"]
[Black "Williams, R Gareth"]
[Result "1-0"]
[WhiteElo "2028"]
[BlackElo "1642"]
[PlyCount "69"]
[EventDate "2020.02.14"]
[EventType "swiss"]
[EventRounds "5"]
[EventCountry "WLS"]
[SourceTitle "BritBase"]
[Source "John Saunders"]
[SourceDate "2024.03.04"]
[SourceVersion "1"]
[SourceVersionDate "2020.02.18"]
[SourceQuality "1"]

1. Nf3 f5 2. g3 Nf6 3. Bg2 e6 4. d4 d5 5. O-O Be7 6. c4 O-O 7. Nc3 c6 8. Qb3
Qb6 9. Bf4 Ne4 10. Nxe4 fxe4 11. Qxb6 axb6 12. Nd2 Nd7 13. Bh3 Nf6 14. Bc7 Ra6
15. a3 Ne8 16. Be5 Bd6 17. cxd5 Bxe5 18. dxe5 cxd5 19. Rac1 Bd7 20. Nb3 Ra4 21.
e3 Kf7 22. Nd4 Ke7 23. Rc3 b5 24. Rfc1 b4 25. Rb3 bxa3 26. bxa3 Ra7 27. Rb6 Kd8
28. Bxe6 Ra6 29. Rxa6 bxa6 30. Bxd5 Nc7 31. Bxe4 h6 32. f4 Bh3 33. Rb1 Rf7 34.
Nc6+ Kd7 35. Rd1+ 1-0

[Event "Dyfed Open"]
[Site "Fishguard"]
[Date "2020.02.15"]
[Round "2.9"]
[White "Ley, Cyril J"]
[Black "May, Frank WLS"]
[Result "0-1"]
[WhiteElo "1603"]
[BlackElo "2019"]
[PlyCount "70"]
[EventDate "2020.02.14"]
[EventType "swiss"]
[EventRounds "5"]
[EventCountry "WLS"]
[SourceTitle "BritBase"]
[Source "John Saunders"]
[SourceDate "2024.03.04"]
[SourceVersion "1"]
[SourceVersionDate "2020.02.18"]
[SourceQuality "1"]

1. c4 g6 2. g3 Bg7 3. Bg2 e5 4. Nc3 d6 5. d3 Nc6 6. e4 Nf6 7. Nge2 O-O 8. O-O
Nh5 9. a3 f5 10. b4 f4 11. f3 g5 12. Rb1 Be6 13. Rf2 Qd7 14. Qf1 Rf7 15. g4 Nf6
16. h3 Raf8 17. Bd2 h5 18. Bh1 Ne7 19. Nd5 Ng6 20. Rh2 Nh4 21. Be1 c6 22. Nxf6+
Bxf6 23. Bxh4 gxh4 24. Rg2 Rg7 25. Rb2 Bd8 26. Kh2 Bb6 27. Qe1 Qd8 28. Rc2 Be3
29. Nc3 Kh7 30. Nd1 Bd4 31. gxh5 Rfg8 32. Rxg7+ Rxg7 33. Rg2 Rg3 34. Rxg3 hxg3+
35. Kg2 Qh4 0-1

[Event "Dyfed Open"]
[Site "Fishguard"]
[Date "2020.02.15"]
[Round "2.10"]
[White "Francis, Matthew"]
[Black "Miles, Richard J"]
[Result "0-1"]
[WhiteElo "1642"]
[BlackElo "1968"]
[PlyCount "80"]
[EventDate "2020.02.14"]
[EventType "swiss"]
[EventRounds "5"]
[EventCountry "WLS"]
[SourceTitle "BritBase"]
[Source "John Saunders"]
[SourceDate "2024.03.04"]
[SourceVersion "1"]
[SourceVersionDate "2020.02.18"]
[SourceQuality "1"]

1. e4 c5 2. Nf3 Nc6 3. Bb5 g6 4. O-O Bg7 5. Re1 Nf6 6. c3 O-O 7. d4 d5 8. exd5
Qxd5 9. c4 Qd6 10. d5 Nd4 11. Nxd4 cxd4 12. Bg5 e6 13. dxe6 Bxe6 14. Nd2 a6 15.
Bxf6 Bxf6 16. Ne4 Qd8 17. Nxf6+ Qxf6 18. Ba4 Bxc4 19. Qd2 Rfd8 20. Bd1 Bd5 21.
Be2 Kg7 22. b3 h5 23. Bd3 Rd7 24. Rac1 Rad8 25. Qe2 Qg5 26. Qe5+ Qxe5 27. Rxe5
Kf6 28. Rce1 Rd6 29. f4 Re6 30. Kf2 Rde8 31. Rxe6+ Rxe6 32. Rxe6+ Kxe6 33. g3
f5 34. Ke2 Kd6 35. Kd2 Kc5 36. Kc1 b5 37. Kb2 Be4 38. Be2 d3 39. Bd1 Kd4 40.
Kc1 Kc3 0-1

[Event "Dyfed Open"]
[Site "Fishguard"]
[Date "2020.02.15"]
[Round "2.11"]
[White "Probert, Malcolm"]
[Black "Bourne, Johnathan Dudley"]
[Result "0-1"]
[WhiteElo "1565"]
[BlackElo "1904"]
[PlyCount "108"]
[EventDate "2020.02.14"]
[EventType "swiss"]
[EventRounds "5"]
[EventCountry "WLS"]
[SourceTitle "BritBase"]
[Source "John Saunders"]
[SourceDate "2024.03.04"]
[SourceVersion "1"]
[SourceVersionDate "2020.02.18"]
[SourceQuality "1"]

1. Nf3 Nf6 2. c4 g6 3. b3 Bg7 4. Bb2 d6 5. d4 O-O 6. g3 Nbd7 7. Bg2 c5 8. d5 a6
9. Nbd2 Rb8 10. O-O b5 11. Qc2 Nb6 12. Rab1 Bd7 13. Rfe1 bxc4 14. bxc4 e5 15.
e4 Qc8 16. Nxe5 Ba4 17. Qd3 dxe5 18. Bxe5 Rb7 19. Qc3 Nbd7 20. Rxb7 Qxb7 21.
Rb1 Qc8 22. Bh3 Qd8 23. Bxd7 Bxd7 24. Rb8 Qe7 25. Rxf8+ Kxf8 26. f4 Ne8 27.
Bxg7+ Nxg7 28. e5 Qd8 29. Qa3 Qb6 30. Nb3 Qb4 31. Qxb4 cxb4 32. c5 Bb5 33. c6
Ke7 34. d6+ Kd8 35. Na5 Ne6 36. Kf2 Kc8 37. Ke3 Nd8 38. c7 Nb7 39. Nb3 Bd7 40.
Nd4 Nc5 41. Kd2 Ne6 42. Nb3 Nxc7 43. dxc7 Kxc7 44. Kd3 Kb6 45. Kc2 a5 46. Nd2
Bf5+ 47. Kb2 Bd3 48. Nf3 h6 49. Ng1 Kc5 50. h3 a4 51. a3 bxa3+ 52. Kxa3 Kd4 53.
Nf3+ Ke3 54. Ne1 Be4 0-1

[Event "Dyfed Open"]
[Site "Fishguard"]
[Date "2020.02.15"]
[Round "2.13"]
[White "Haigh, Anthony J"]
[Black "Greatorex, Roger"]
[Result "1-0"]
[WhiteElo "1773"]
[BlackElo "1735"]
[PlyCount "56"]
[EventDate "2020.02.14"]
[EventType "swiss"]
[EventRounds "5"]
[EventCountry "WLS"]
[SourceTitle "BritBase"]
[Source "John Saunders"]
[SourceDate "2024.03.04"]
[SourceVersion "1"]
[SourceVersionDate "2020.02.18"]
[SourceQuality "1"]

1. d4 d5 2. c4 e6 3. Nc3 c6 4. cxd5 exd5 5. Qc2 g6 6. e3 Bg7 7. Nf3 f5 8. Ne5
Nf6 9. Be2 O-O 10. Bd2 Nbd7 11. b4 Nxe5 12. dxe5 Ng4 13. f4 d4 14. exd4 Qxd4
15. Bxg4 fxg4 16. Qb3+ Kh8 17. O-O-O a5 18. bxa5 Rxa5 19. Rhe1 Rc5 20. Re2 Bf5
21. a4 Ra8 22. Kb2 Qc4 23. Qxc4 Rxc4 24. g3 Be6 25. Re4 Raxa4 26. Nxa4 Rxe4 27.
Nc5 Bxe5+ 28. fxe5 Rxe5 1-0

[Event "Dyfed Open"]
[Site "Fishguard"]
[Date "2020.02.15"]
[Round "2.14"]
[White "Van Kemenade, Julie"]
[Black "Knight, Colin B"]
[Result "1-0"]
[WhiteElo "1689"]
[BlackElo "1759"]
[PlyCount "107"]
[EventDate "2020.02.14"]
[EventType "swiss"]
[EventRounds "5"]
[EventCountry "WLS"]
[SourceTitle "BritBase"]
[Source "John Saunders"]
[SourceDate "2024.03.04"]
[SourceVersion "1"]
[SourceVersionDate "2020.02.18"]
[SourceQuality "1"]

1. e4 c5 2. Nc3 d6 3. Bc4 Nf6 4. d3 Nc6 5. h3 a6 6. a3 e6 7. Nf3 Be7 8. O-O O-O
9. Re1 e5 10. Ng5 h6 11. Nf3 Be6 12. Nd5 Nd7 13. c3 b5 14. Bb3 Na5 15. Bc2 Nf6
16. Ne3 Nc6 17. d4 Bd7 18. Nf5 Bxf5 19. exf5 Qc7 20. Be3 e4 21. Nh4 d5 22. dxc5
Rad8 23. g4 Nd7 24. Ng2 Nde5 25. Bf4 Bxc5 26. Kf1 Qb6 27. Re2 Nf3 28. Qc1 Nce5
29. Be3 d4 30. cxd4 Bxd4 31. Bxe4 Rc8 32. Rc2 Nc4 33. Bxf3 Rfd8 34. Bxd4 Qxd4
35. Kg1 Rb8 36. Ne3 Ne5 37. Bg2 Qf4 38. Nf1 Qd4 39. Qe3 Qd6 40. Rac1 Nc4 41.
Qg3 Qf6 42. Ne3 Nxb2 43. Rc6 Qd4 44. f6 g6 45. Nd5 Nc4 46. Ne7+ Kh7 47. Bd5 Ne5
48. g5 Nxc6 49. Nxc6 Qxd5 50. Nxb8 Qd2 51. Qc7 Kg8 52. gxh6 Qd5 53. Rc5 Qd1+
54. Kg2 1-0

[Event "Dyfed Open"]
[Site "Fishguard"]
[Date "2020.02.15"]
[Round "2.15"]
[White "Dixon, Chris"]
[Black "Morgans, Justin"]
[Result "1/2-1/2"]
[WhiteElo "1754"]
[BlackElo "1605"]
[PlyCount "35"]
[EventDate "2020.02.14"]
[EventType "swiss"]
[EventRounds "5"]
[EventCountry "WLS"]
[SourceTitle "BritBase"]
[Source "John Saunders"]
[SourceDate "2024.03.04"]
[SourceVersion "1"]
[SourceVersionDate "2020.02.18"]
[SourceQuality "1"]

1. e4 d6 2. d4 Nf6 3. Nc3 g6 4. Be3 Bg7 5. Qd2 O-O 6. f3 e5 7. dxe5 dxe5 8.
O-O-O Qxd2+ 9. Rxd2 Be6 10. Nh3 Bxh3 11. gxh3 c6 12. Be2 Nbd7 13. Rhd1 Nb6 14.
Kb1 Rfe8 15. a4 Bf8 16. a5 Nc8 17. Bg5 Kg7 18. Na2 1/2-1/2

[Event "Dyfed Open"]
[Site "Fishguard"]
[Date "2020.02.15"]
[Round "2.16"]
[White "Jones, Martin C"]
[Black "Lawrence, Alex"]
[Result "1-0"]
[WhiteElo "1745"]
[BlackElo "1466"]
[PlyCount "107"]
[EventDate "2020.02.14"]
[EventType "swiss"]
[EventRounds "5"]
[EventCountry "WLS"]
[SourceTitle "BritBase"]
[Source "John Saunders"]
[SourceDate "2024.03.04"]
[SourceVersion "1"]
[SourceVersionDate "2020.02.18"]
[SourceQuality "1"]

1. d4 Nf6 2. c4 g6 3. Nc3 Bg7 4. Nf3 d6 5. Bg5 h6 6. Bh4 g5 7. Bg3 O-O 8. e3 c5
9. d5 Qb6 10. Qc2 Na6 11. a3 Nh5 12. Be2 Bf5 13. e4 Bh7 14. Bd3 Nb8 15. O-O Nd7
16. Rad1 Nxg3 17. hxg3 Ne5 18. Na4 Qc7 19. b4 b6 20. bxc5 bxc5 21. Rb1 Qd7 22.
Nxe5 Bxe5 23. Nc3 Rfb8 24. Qa4 Rd8 25. Qxd7 Rxd7 26. Na4 Rf8 27. Rb5 e6 28.
Rfb1 exd5 29. cxd5 f5 30. exf5 Bxf5 31. Bxf5 Rxf5 32. Nb2 Bd4 33. Nd1 Rdf7 34.
Rb8+ Kg7 35. Re8 Rxd5 36. Rbb8 Kg6 37. Rbd8 Rb7 38. Ne3 Bxe3 39. fxe3 Rb1+ 40.
Kh2 Rdd1 41. g4 Kf7 42. Rf8+ Ke6 43. Rde8+ Kd7 44. Rd8+ Kc6 45. Rf6 Rb3 46. e4
Re3 47. Ra8 Rxe4 48. Rxa7 Ree1 49. Ra6+ Kc7 50. Ra7+ Kd8 51. Rff7 Rh1+ 52. Kg3
Rd3+ 53. Kf2 Ke8 54. Rfb7 1-0

[Event "Dyfed Open"]
[Site "Fishguard"]
[Date "2020.02.15"]
[Round "3.1"]
[White "Young, Alan J"]
[Black "Zeidler, Sven P"]
[Result "1-0"]
[WhiteElo "2051"]
[BlackElo "2186"]
[PlyCount "93"]
[EventDate "2020.02.14"]
[EventType "swiss"]
[EventRounds "5"]
[EventCountry "WLS"]
[SourceTitle "BritBase"]
[Source "John Saunders"]
[SourceDate "2024.03.04"]
[SourceVersion "1"]
[SourceVersionDate "2020.02.18"]
[SourceQuality "1"]

1. e4 Nc6 2. Nf3 d6 3. d4 Nf6 4. Nc3 g6 5. h3 Bg7 6. Be3 a6 7. Qd2 O-O 8. d5
Nb8 9. Bh6 b5 10. Bxg7 Kxg7 11. a3 c6 12. dxc6 Nxc6 13. Be2 Bb7 14. O-O Rc8 15.
Rad1 Qb6 16. Nd5 Nxd5 17. exd5 Na5 18. Rfe1 Rc7 19. Nd4 h6 20. Qe3 Kh7 21. Ne6
Qxe3 22. Nxf8+ Kg7 23. fxe3 Kxf8 24. b4 Nc4 25. Bxc4 Rxc4 26. Re2 Rc3 27. Rd3
Rxd3 28. cxd3 Ke8 29. e4 Kd8 30. Rc2 Bc8 31. Kf2 Bb7 32. Ke3 Bc8 33. Kd4 Bb7
34. e5 Kd7 35. Re2 Kd8 36. Rf2 Ke8 37. a4 bxa4 38. Ra2 Kd7 39. Rxa4 Kc7 40. Ra2
Kd7 41. Rf2 Ke8 42. e6 f6 43. g4 Kd8 44. h4 Ke8 45. g5 hxg5 46. hxg5 fxg5 47.
Rh2 1-0

[Event "Dyfed Open"]
[Site "Fishguard"]
[Date "2020.02.15"]
[Round "3.2"]
[White "Williams, Arthur Howard"]
[Black "Pleasants, Allan J"]
[Result "1-0"]
[WhiteElo "2246"]
[BlackElo "2028"]
[PlyCount "83"]
[EventDate "2020.02.14"]
[EventType "swiss"]
[EventRounds "5"]
[EventCountry "WLS"]
[SourceTitle "BritBase"]
[Source "John Saunders"]
[SourceDate "2024.03.04"]
[SourceVersion "1"]
[SourceVersionDate "2020.02.18"]
[SourceQuality "1"]

1. Nf3 Nf6 2. c4 g6 3. Nc3 Bg7 4. d4 O-O 5. Bg5 c5 6. e3 cxd4 7. exd4 d6 8. Be2
Nc6 9. d5 Nb4 10. O-O Na6 11. Nd4 Nc5 12. Be3 a5 13. Bf3 Bd7 14. Re1 Rc8 15.
Rc1 Qb6 16. Ndb5 Bxb5 17. Nxb5 Nfd7 18. b3 Ne5 19. Be2 f5 20. f4 Nf7 21. Bf3 g5
22. g3 g4 23. Bg2 Nh8 24. Qc2 Qd8 25. Nd4 Qd7 26. a3 Ng6 27. b4 axb4 28. axb4
Na6 29. Qb3 Kh8 30. Ne6 Rf7 31. c5 Qb5 32. cxd6 Rxc1 33. Rxc1 exd6 34. Rc8+ Nf8
35. Bd2 Qe2 36. Nxg7 Kxg7 37. Qc3+ Kg6 38. Bf1 Qe4 39. Bd3 Qf3 40. Bxa6 Qxc3
41. Bxc3 bxa6 42. Rc6 1-0

[Event "Dyfed Open"]
[Site "Fishguard"]
[Date "2020.02.15"]
[Round "3.3"]
[White "Jones, Iolo Cerredig"]
[Black "Harding, Gareth"]
[Result "0-1"]
[WhiteElo "2163"]
[BlackElo "1557"]
[PlyCount "109"]
[EventDate "2020.02.14"]
[EventType "swiss"]
[EventRounds "5"]
[EventCountry "WLS"]
[SourceTitle "BritBase"]
[Source "John Saunders"]
[SourceDate "2024.03.04"]
[SourceVersion "1"]
[SourceVersionDate "2020.02.18"]
[SourceQuality "1"]

1. d4 e6 2. Nf3 d5 3. c4 Nf6 4. Nc3 Be7 5. Bf4 O-O 6. e3 c6 7. Bd3 Nbd7 8. h3
dxc4 9. Bxc4 Nb6 10. Be2 Nbd5 11. Nxd5 exd5 12. O-O h6 13. Ne5 Be6 14. Rc1 a5
15. Qb3 Bc8 16. Bd3 a4 17. Qd1 Qb6 18. Qe2 Be6 19. Bb1 Rad8 20. Nd3 a3 21. b3
Bf5 22. f3 Rfe8 23. Qd2 Bf8 24. Bg3 Be7 25. Bf2 Qc7 26. Bc2 Bd6 27. Ne1 Bxc2
28. Nxc2 Qe7 29. Qe1 g5 30. Bg3 Nh5 31. Bxd6 Qxd6 32. Qd2 Rd7 33. Rfe1 Rde7 34.
b4 Ra8 35. Rb1 f5 36. Qd3 f4 37. e4 dxe4 38. Rxe4 Rxe4 39. Qxe4 Ng3 40. Qd3 Re8
41. Nxa3 Qxd4+ 42. Qxd4 Ne2+ 43. Kf1 Nxd4 44. Rd1 Nf5 45. Nc4 Ng3+ 46. Kg1 Re2
47. a4 Re7 48. a5 Kf7 49. Nd6+ Ke6 50. Nc8 Rd7 51. Re1+ Kf7 52. Nb6 Re7 53. Rd1
Ke6 54. Kf2 Kf7 55. Rd7 0-1

[Event "Dyfed Open"]
[Site "Fishguard"]
[Date "2020.02.15"]
[Round "3.4"]
[White "Heap, Gerry"]
[Black "Hewitt, William AR"]
[Result "1/2-1/2"]
[WhiteElo "2111"]
[BlackElo "1990"]
[PlyCount "90"]
[EventDate "2020.02.14"]
[EventType "swiss"]
[EventRounds "5"]
[EventCountry "WLS"]
[SourceTitle "BritBase"]
[Source "John Saunders"]
[SourceDate "2024.03.04"]
[SourceVersion "1"]
[SourceVersionDate "2020.02.18"]
[SourceQuality "1"]

1. g3 Nf6 2. c4 g6 3. Bg2 Bg7 4. Nc3 O-O 5. e4 d6 6. Nge2 c5 7. O-O Nc6 8. d4
cxd4 9. Nxd4 Nxd4 10. Qxd4 Bd7 11. Qd3 Bc6 12. Bd2 a5 13. b3 Nd7 14. Rad1 Nc5
15. Qe2 b6 16. Nd5 e6 17. Nf4 Qc7 18. Nd3 Rad8 19. Bg5 Rd7 20. Bf4 f6 21. h4 e5
22. Bc1 Ne6 23. Bb2 Qb7 24. Bh3 f5 25. f3 Re7 26. exf5 gxf5 27. Rde1 e4 28.
fxe4 Nd4 29. Bxd4 Bxd4+ 30. Kh2 Bxe4 31. Bxf5 Bxf5 32. Qxe7 Qxe7 33. Rxe7 Bxd3
34. Rd1 Rf2+ 35. Kh3 Bf6 36. Re3 Bf1+ 37. Kg4 Be2+ 38. Rxe2 Rxe2 39. Rxd6 Be7
40. Rxb6 Rxa2 41. Kf5 Kf7 42. Rb5 a4 43. bxa4 Rxa4 44. c5 Rc4 45. g4 Rxc5+
1/2-1/2

[Event "Dyfed Open"]
[Site "Fishguard"]
[Date "2020.02.15"]
[Round "3.5"]
[White "May, Frank WLS"]
[Black "Powell, J Lloyd"]
[Result "1/2-1/2"]
[WhiteElo "2019"]
[BlackElo "2064"]
[PlyCount "52"]
[EventDate "2020.02.14"]
[EventType "swiss"]
[EventRounds "5"]
[EventCountry "WLS"]
[SourceTitle "BritBase"]
[Source "John Saunders"]
[SourceDate "2024.03.04"]
[SourceVersion "1"]
[SourceVersionDate "2020.02.18"]
[SourceQuality "1"]

1. d4 Nf6 2. c4 e6 3. Nc3 d5 4. cxd5 exd5 5. Bg5 Be7 6. e3 c6 7. Bd3 Nbd7 8.
Nge2 h6 9. Bh4 O-O 10. O-O Re8 11. Qc2 Nf8 12. f3 Ne6 13. Rad1 b6 14. Bf2 Bb7
15. h3 Rc8 16. e4 a6 17. e5 Nd7 18. f4 c5 19. Qd2 Qc7 20. Bb1 Red8 21. Qd3 Ndf8
22. Kh1 cxd4 23. Bxd4 Nc5 24. Qe3 Nfe6 25. f5 Nxd4 26. Nxd4 Ne4 1/2-1/2

[Event "Dyfed Open"]
[Site "Fishguard"]
[Date "2020.02.15"]
[Round "3.6"]
[White "Bourne, Johnathan Dudley"]
[Black "Waddington, Michael P"]
[Result "1-0"]
[WhiteElo "1904"]
[BlackElo "2046"]
[PlyCount "89"]
[EventDate "2020.02.14"]
[EventType "swiss"]
[EventRounds "5"]
[EventCountry "WLS"]
[SourceTitle "BritBase"]
[Source "John Saunders"]
[SourceDate "2024.03.04"]
[SourceVersion "1"]
[SourceVersionDate "2020.02.18"]
[SourceQuality "1"]

1. e4 e5 2. f4 Bc5 3. Nf3 d6 4. c3 Bg4 5. Qa4+ Nd7 6. Be2 c6 7. d4 Bxf3 8. Bxf3
Bb6 9. O-O Ngf6 10. Be3 O-O 11. Nd2 Re8 12. Rae1 Bc7 13. Qc2 b5 14. g4 Nb6 15.
g5 Nfd7 16. Bh5 exf4 17. Bxf4 g6 18. Bf3 Nf8 19. h4 a5 20. Qd3 Qd7 21. Rf2 d5
22. Bxc7 Qxc7 23. e5 Nc4 24. Nf1 b4 25. Nh2 bxc3 26. bxc3 Ne6 27. Bg2 Re7 28.
Ng4 Ra7 29. Ref1 Qd8 30. Bh3 Kg7 31. Nh6 c5 32. Qf3 Re8 33. Nxf7 Qe7 34. Nh6
cxd4 35. Bxe6 Qxe6 36. cxd4 a4 37. Qg3 Qb6 38. Rf7+ Rxf7 39. Rxf7+ Kh8 40. Qf2
Qb1+ 41. Kh2 Qb2 42. Qxb2 Nxb2 43. e6 Rxe6 44. Rf8+ Kg7 45. Rg8# 1-0

[Event "Dyfed Open"]
[Site "Fishguard"]
[Date "2020.02.15"]
[Round "3.8"]
[White "Garcia, Jason"]
[Black "Jones, Martin C"]
[Result "1-0"]
[WhiteElo "2029"]
[BlackElo "1745"]
[PlyCount "47"]
[EventDate "2020.02.14"]
[EventType "swiss"]
[EventRounds "5"]
[EventCountry "WLS"]
[SourceTitle "BritBase"]
[Source "John Saunders"]
[SourceDate "2024.03.04"]
[SourceVersion "1"]
[SourceVersionDate "2020.02.18"]
[SourceQuality "1"]

1. Nf3 d5 2. c4 d4 3. e3 Nc6 4. b4 Nxb4 5. exd4 e6 6. a3 Nc6 7. Bb2 Nf6 8. g3
Be7 9. Bg2 O-O 10. O-O Bd7 11. d3 Rb8 12. a4 Nb4 13. Ne5 c5 14. dxc5 Bxc5 15.
d4 Be7 16. Nc3 a6 17. d5 exd5 18. cxd5 Bf5 19. Qf3 Bc2 20. Rfc1 Bd6 21. Nc4 Rc8
22. Nxd6 Qxd6 23. Ba3 Qb6 24. Bxb4 1-0

[Event "Dyfed Open"]
[Site "Fishguard"]
[Date "2020.02.15"]
[Round "3.9"]
[White "Barnaby, Nicholas"]
[Black "Taylor, Robert Graham"]
[Result "1/2-1/2"]
[WhiteElo "1750"]
[BlackElo "1844"]
[PlyCount "129"]
[EventDate "2020.02.14"]
[EventType "swiss"]
[EventRounds "5"]
[EventCountry "WLS"]
[SourceTitle "BritBase"]
[Source "John Saunders"]
[SourceDate "2024.03.04"]
[SourceVersion "1"]
[SourceVersionDate "2020.02.18"]
[SourceQuality "1"]

1. d4 f5 2. Qd3 e6 3. e4 fxe4 4. Qxe4 Nf6 5. Qh4 g6 6. Bd3 Bg7 7. Nf3 d6 8. O-O
c6 9. Bh6 O-O 10. Bxg7 Kxg7 11. Nbd2 Nd5 12. Qxd8 Rxd8 13. c3 Nd7 14. Rfe1 N7f6
15. g3 Nc7 16. Rad1 Rf8 17. Kg2 Bd7 18. Nc4 Nce8 19. Re2 Rd8 20. Rde1 b5 21.
Ncd2 Kg8 22. Bc2 Ng7 23. Bb3 a5 24. a3 Bc8 25. Bc2 Bb7 26. Be4 Nfh5 27. Ng5 Nf6
28. Bf3 b4 29. axb4 axb4 30. Nxe6 Nxe6 31. Rxe6 bxc3 32. bxc3 Bc8 33. R6e2 c5
34. Ne4 cxd4 35. Nxf6+ Rxf6 36. Bd5+ Kf8 37. cxd4 Rf5 38. Bc6 Bd7 39. Bxd7 Rxd7
40. Re8+ Kf7 41. Rc8 Rd5 42. Rc4 Ra7 43. Re3 Kf6 44. h4 Rb7 45. g4 h6 46. Kg3
Re7 47. Kf3 Rd7 48. Rb4 Ra5 49. Kg3 g5 50. f4 gxf4+ 51. Kxf4 Ra1 52. d5 Rf1+
53. Kg3 Rd1 54. Rf4+ Kg7 55. Rf5 Rg1+ 56. Kf4 Ra7 57. Re6 Ra4+ 58. Ke3 Rgxg4
59. Rxd6 Ra3+ 60. Kf2 Rxh4 61. Rd7+ Kg6 62. Rdf7 Rh2+ 63. Kg1 Rd2 64. R7f6+ Kg7
65. Rf7+ 1/2-1/2

[Event "Dyfed Open"]
[Site "Fishguard"]
[Date "2020.02.15"]
[Round "3.10"]
[White "Van Kemenade, Julie"]
[Black "Marin Marin, Francisco Javier"]
[Result "0-1"]
[WhiteElo "1689"]
[BlackElo "1776"]
[PlyCount "132"]
[EventDate "2020.02.14"]
[EventType "swiss"]
[EventRounds "5"]
[EventCountry "WLS"]
[SourceTitle "BritBase"]
[Source "John Saunders"]
[SourceDate "2024.03.04"]
[SourceVersion "1"]
[SourceVersionDate "2020.02.18"]
[SourceQuality "1"]

1. e4 c5 2. Nc3 e6 3. d3 Nc6 4. Nf3 d5 5. Qe2 d4 6. Nb1 e5 7. g3 Nf6 8. Bg2 Be7
9. O-O O-O 10. Nbd2 b5 11. a4 b4 12. Nc4 Qc7 13. Nh4 Bb7 14. Nf5 Rfe8 15. f4
Nd7 16. Qg4 Bf6 17. Bh3 Rad8 18. Ncd6 Re6 19. Nh6+ Kf8 20. Nhxf7 Rxd6 21. Nxd8
Qxd8 22. Bd2 Kg8 23. Rf2 Be7 24. Raf1 Nf6 25. Qe2 Bc8 26. f5 h6 27. g4 Nh7 28.
g5 Bxg5 29. Bg4 Bxd2 30. Qxd2 Qh4 31. Rg2 Ng5 32. Qe2 Rf6 33. Qd1 Kh8 34. Qe2
Nb8 35. Rg3 Nd7 36. Qg2 Rf8 37. Bd1 Nf6 38. Kh1 Bd7 39. Rg1 Be8 40. Be2 Bh5 41.
Bxh5 Qxh5 42. h3 Rg8 43. Kh2 Qf7 44. Qd2 Ngh7 45. Rg6 Nh5 46. Re6 N7f6 47. Rg6
Nf4 48. Rexf6 gxf6 49. Rxh6+ Kg7 50. Rh4 Kf8 51. Rxf4 exf4 52. Qxf4 Qe7 53.
Qb8+ Kf7 54. Qb5 Qe5+ 55. Kh1 Rg3 56. Qd7+ Qe7 57. Qd5+ Kg7 58. Kh2 Re3 59. Kg2
Re2+ 60. Kf3 Rxc2 61. Kg4 Rxb2 62. h4 b3 63. h5 Rg2+ 64. Kh3 b2 65. Qa2 Re2 66.
Qb1 Qf7 0-1

[Event "Dyfed Open"]
[Site "Fishguard"]
[Date "2020.02.15"]
[Round "3.11"]
[White "Haigh, Anthony J"]
[Black "Orton, Paul"]
[Result "1-0"]
[WhiteElo "1773"]
[BlackElo "1580"]
[PlyCount "37"]
[EventDate "2020.02.14"]
[EventType "swiss"]
[EventRounds "5"]
[EventCountry "WLS"]
[SourceTitle "BritBase"]
[Source "John Saunders"]
[SourceDate "2024.03.04"]
[SourceVersion "1"]
[SourceVersionDate "2020.02.18"]
[SourceQuality "1"]

1. d4 Nf6 2. Bg5 h6 3. Bxf6 gxf6 4. e3 d5 5. c4 c6 6. Nc3 Bf5 7. Qb3 Qd7 8.
cxd5 cxd5 9. Qxd5 Qxd5 10. Nxd5 Kd8 11. Nc3 Nc6 12. O-O-O Rc8 13. a3 Na5 14.
Bd3 Bg6 15. Nge2 e6 16. Bxg6 fxg6 17. d5 exd5 18. Rxd5+ Ke8 19. Rxa5 1-0

[Event "Dyfed Open"]
[Site "Fishguard"]
[Date "2020.02.15"]
[Round "3.12"]
[White "Williams, R Gareth"]
[Black "Dixon, Chris"]
[Result "0-1"]
[WhiteElo "1642"]
[BlackElo "1754"]
[PlyCount "72"]
[EventDate "2020.02.14"]
[EventType "swiss"]
[EventRounds "5"]
[EventCountry "WLS"]
[SourceTitle "BritBase"]
[Source "John Saunders"]
[SourceDate "2024.03.04"]
[SourceVersion "1"]
[SourceVersionDate "2020.02.18"]
[SourceQuality "1"]

1. d4 d5 2. Nc3 Nf6 3. Bf4 c5 4. e3 cxd4 5. exd4 a6 6. Nf3 e6 7. Bd3 Nc6 8. O-O
Bd6 9. Bg3 Bxg3 10. hxg3 O-O 11. a3 Bd7 12. Re1 Rc8 13. b4 Nxb4 14. axb4 Rxc3
15. Ne5 Qb6 16. Nxd7 Nxd7 17. Rb1 Nf6 18. g4 h6 19. Re3 Rfc8 20. f3 g6 21. Qe1
Qxd4 22. Kh1 Kg7 23. g3 Qb6 24. Kg2 d4 25. Re2 Qc6 26. Kf2 b5 27. Qd2 Rh8 28.
Ra1 Qd6 29. Rb1 Nd5 30. Re4 Nxb4 31. Rxb4 Qxb4 32. Qf4 Qc5 33. Qd2 b4 34. f4
Rc8 35. Kg2 Rxc2 36. Bxc2 Qxc2 0-1

[Event "Dyfed Open"]
[Site "Fishguard"]
[Date "2020.02.15"]
[Round "3.13"]
[White "Pinch, David"]
[Black "Ley, Cyril J"]
[Result "1-0"]
[WhiteElo "1667"]
[BlackElo "1603"]
[PlyCount "61"]
[EventDate "2020.02.14"]
[EventType "swiss"]
[EventRounds "5"]
[EventCountry "WLS"]
[SourceTitle "BritBase"]
[Source "John Saunders"]
[SourceDate "2024.03.04"]
[SourceVersion "1"]
[SourceVersionDate "2020.02.18"]
[SourceQuality "1"]

1. d4 g6 2. c4 Bg7 3. Nc3 d6 4. e4 Nf6 5. Nf3 O-O 6. Be2 c5 7. O-O Na6 8. h3
Nc7 9. Be3 b6 10. Qc2 Bb7 11. Rad1 Qc8 12. Rfe1 cxd4 13. Nxd4 Ne6 14. f3 Rd8
15. Nd5 Nxd5 16. exd5 Nxd4 17. Bxd4 Bxd4+ 18. Rxd4 Qc5 19. Qd2 Kg7 20. Kh1 Rh8
21. Rh4 h5 22. Bd3 Rae8 23. b4 Qc7 24. f4 f5 25. Qc3+ Kf7 26. Qc2 Qd8 27. Bxf5
Rhg8 28. Be6+ Kg7 29. Bxg8 Rxg8 30. Re6 Qe8 31. f5 1-0

[Event "Dyfed Open"]
[Site "Fishguard"]
[Date "2020.02.15"]
[Round "3.14"]
[White "Morgans, Justin"]
[Black "Francis, Matthew"]
[Result "1-0"]
[WhiteElo "1605"]
[BlackElo "1642"]
[PlyCount "57"]
[EventDate "2020.02.14"]
[EventType "swiss"]
[EventRounds "5"]
[EventCountry "WLS"]
[SourceTitle "BritBase"]
[Source "John Saunders"]
[SourceDate "2024.03.04"]
[SourceVersion "1"]
[SourceVersionDate "2020.02.18"]
[SourceQuality "1"]

1. d4 d6 2. Nf3 Nf6 3. e3 Nbd7 4. Be2 e5 5. O-O Be7 6. c4 O-O 7. Nc3 Re8 8. Re1
c6 9. Qc2 Qc7 10. Bd2 a6 11. Rac1 Qb8 12. a4 Bf8 13. Bd3 h6 14. e4 exd4 15.
Nxd4 Ne5 16. h3 c5 17. Nde2 Bxh3 18. gxh3 Nf3+ 19. Kg2 Nxe1+ 20. Rxe1 g5 21.
Ng3 Qd8 22. Nd5 Nxd5 23. exd5 Rxe1 24. Bxe1 Qe7 25. Bc3 f6 26. Bf5 Bg7 27. Be6+
Kh8 28. Nh5 Re8 29. Nxg7 1-0